History of Logan County and Ohio : (Record no. 52261)

MARC details
000 -LEADER
fixed length control field 01188cam a22003011a 4500
001 - CONTROL NUMBER
control field rc 01002204
003 - CONTROL NUMBER IDENTIFIER
control field DLC
005 - DATE AND TIME OF LATEST TRANSACTION
control field 20260227111905.0
007 - PHYSICAL DESCRIPTION FIXED FIELD--GENERAL INFORMATION
fixed length control field cr_|||||||||||
008 - FIXED-LENGTH DATA ELEMENTS--GENERAL INFORMATION
fixed length control field 830914s1880 iluabc 000 0deng
010 ## - LIBRARY OF CONGRESS CONTROL NUMBER
LC control number rc 01002204
035 ## - SYSTEM CONTROL NUMBER
System control number (OCoLC)9906773
040 ## - CATALOGING SOURCE
Original cataloging agency DLC
Transcribing agency MnHi
Modifying agency DLC
042 ## - AUTHENTICATION CODE
Authentication code premarc
043 ## - GEOGRAPHIC AREA CODE
Geographic area code n-us-oh
050 00 - LIBRARY OF CONGRESS CALL NUMBER
Classification number F497.L8
Item number H6
245 00 - TITLE STATEMENT
Title History of Logan County and Ohio :
Remainder of title containing a history of the state of Ohio, from its earliest settlement to the present time ... a history of Logan County, giving an account of its aboriginal inhabitants ... biographical sketches, portraits of some of the early settlers and prominent men, etc.
260 ## - PUBLICATION, DISTRIBUTION, ETC.
Place of publication, distribution, etc. Chicago,
Name of publisher, distributor, etc. O.L. Baskin,
Date of publication, distribution, etc. 1880.
300 ## - PHYSICAL DESCRIPTION
Extent 840 p. :
Other physical details ill., map, ports. ;
Dimensions 26 cm.
500 ## - GENERAL NOTE
General note Edited by W.H. Perrin and J.H. Battle.
500 ## - GENERAL NOTE
General note Several errors in pagination.
530 ## - ADDITIONAL PHYSICAL FORM AVAILABLE NOTE
Additional physical form available note Also available in digital form on the Internet Archive Web site.
651 #0 - SUBJECT ADDED ENTRY--GEOGRAPHIC NAME
Geographic name Logan County (Ohio)
General subdivision History.
700 1# - ADDED ENTRY--PERSONAL NAME
Personal name Perrin, William Henry,
Dates associated with a name -1892?
700 1# - ADDED ENTRY--PERSONAL NAME
Personal name Battle, J. H.
710 2# - ADDED ENTRY--CORPORATE NAME
Corporate name or jurisdiction name as entry element O.L. Baskin & Co.
856 41 - ELECTRONIC LOCATION AND ACCESS
Uniform Resource Identifier <a href="http://hdl.loc.gov/loc.gdc/scd0001.00145744088">http://hdl.loc.gov/loc.gdc/scd0001.00145744088</a>

No items available.

Powered by Koha